U.S. Presidents by Picture - Multiple Choice - Statistics

General Stats
  • This quiz has been taken 28,571 times
  • The average score is 9 of 12
Answer Stats
Question Answer % Correct
Thomas Jefferson
93%
Dwight D. Eisenhower
86%
Ulysses S. Grant
85%
Woodrow Wilson
84%
Lyndon B. Johnson
84%
Franklin D. Roosevelt
83%
Herbert Hoover
82%
James Madison
81%
William Taft
74%
Andrew Johnson
62%
James Buchanan
62%
Zachary Taylor
57%
No matching quizzes found
Score Distribution
Percent of People with Each Score
Percentile by Number Answered
Your Score History
You have not taken this quiz